U.S. Presidents during the Cold War - Statistics

General Stats
  • This quiz has been taken 89 times
  • The average score is 9 of 9
Answer Stats
Term President % Correct
1961 - 1963 John F. Kennedy
97%
1969 - 1974 Richard Nixon
97%
1953 - 1961 Dwight D. Eisenhower
96%
1989 - 1993 George H.W. Bush
96%
1945 - 1953 Harry S. Truman
96%
1963 - 1969 Lyndon B. Johnson
96%
1981 - 1989 Ronald Reagan
96%
1977 - 1981 Jimmy Carter
95%
1974 - 1977 Gerald Ford
93%
No matching quizzes found
Score Distribution
Percent of People with Each Score
Percentile by Number Answered
Your Score History
You have not taken this quiz